Learn correct english (Record no. 6522)

MARC details
000 -LEADER
fixed length control field 00689 a2200205 4500
005 - DATE AND TIME OF LATEST TRANSACTION
control field 20080829125614.0
008 - FIXED-LENGTH DATA ELEMENTS--GENERAL INFORMATION
fixed length control field 080829t xxu||||| |||| 00| 0 eng d
010 ## - LIBRARY OF CONGRESS CONTROL NUMBER
LC control number ENG-87425
020 ## - INTERNATIONAL STANDARD BOOK NUMBER
International Standard Book Number 8187542829
Terms of availability 300.00
035 ## - SYSTEM CONTROL NUMBER
System control number EN-70958
037 ## - SOURCE OF ACQUISITION
Source of stock number/acquisition DBAD / PUB
082 ## - DEWEY DECIMAL CLASSIFICATION NUMBER
Classification number 485
100 ## - MAIN ENTRY--PERSONAL NAME
Personal name Verma, R.S.
245 ## - TITLE STATEMENT
Title Learn correct english
Statement of responsibility, etc by R.S.Verma
260 ## - PUBLICATION, DISTRIBUTION, ETC. (IMPRINT)
Place of publication, distribution, etc Jaipur
Name of publisher, distributor, etc Pink City Publishers
Date of publication, distribution, etc 2007
270 ## - ADDRESS
Address Ram Bhawan, Chaura Rasta
City Jaipur
Postal code 302 003
300 ## - PHYSICAL DESCRIPTION
Extent xvi, 656 p.
Dimensions 23 cm (Hb.)
942 ## - ADDED ENTRY ELEMENTS (KOHA)
Institution code [OBSOLETE] dpl
Koha item type English Books
Call number prefix 485/VER
Source of classification or shelving scheme Dewey Decimal Classification
Classification part 485
Call number suffix VER
Holdings
Withdrawn status Lost status Damaged status Not for loan Home library Current library Date acquired Cost, normal purchase price Total Checkouts Full call number Barcode Date last seen Copy number Uniform Resource Identifier Cost, replacement price Price effective from Koha item type
        D.B.Act.Division D.B.Act.Division 29/08/2008 300.00   485 VER EN-70958 15/09/2008 1 7015 300.00 15/09/2008 English Books

© Delhi Public Library
Hit Counter
free hit counter